{"text_format":"3","workbook":"xlsx","n_sheets":2,"sheets":["1","Лист1"],"not_rendered":{"defined_names":2},"read":"whole","date_system":"1900"}

{"sheet":"1","index":0,"n_rows":144,"n_cols":19,"rows_kept":144,"merged":[[5,0,5,17],[7,0,9,0],[7,1,9,2],[7,3,9,3],[7,4,9,4],[7,5,7,6],[7,7,7,8],[7,9,7,17],[8,5,9,5],[8,6,9,6],[8,7,9,7],[8,8,9,8],[8,9,8,14],[8,15,8,17],[10,1,10,2],[12,1,12,2],[20,5,24,5],[20,6,24,6],[29,1,29,2],[30,1,30,2],[31,1,31,2],[33,1,33,2],[34,1,34,2],[35,0,36,0],[35,1,36,1],[35,5,36,5],[35,6,36,6],[37,1,37,2],[38,1,38,2],[39,1,39,2],[40,1,40,2],[41,1,41,2],[43,1,43,2],[44,1,44,2],[47,1,47,2],[48,1,48,2],[49,1,49,2],[51,1,51,2],[52,1,52,2],[53,1,53,2],[55,1,55,2],[56,1,56,2],[57,1,57,2],[58,1,58,2],[59,1,59,2],[60,1,60,2],[61,1,61,2],[62,1,62,2],[63,1,63,2],[65,1,65,2],[66,1,66,2],[67,1,67,2],[69,1,69,2],[70,1,70,2],[70,5,76,5],[70,6,76,6],[74,1,74,2],[77,1,77,2],[79,1,79,2],[80,5,82,5],[80,6,82,6],[83,1,83,2],[85,1,85,2],[86,1,86,2],[86,5,97,5],[86,6,97,6],[87,1,87,2],[88,1,88,2],[89,1,89,2],[90,1,90,2],[91,1,91,2],[92,1,92,2],[93,1,93,2],[94,1,94,2],[95,1,95,2],[96,1,96,2],[97,1,97,2],[98,1,98,2],[100,1,100,2],[101,1,101,2],[102,1,102,2],[104,1,104,2],[105,1,105,2],[106,1,106,2],[108,1,108,2],[109,1,109,2],[110,1,110,2],[112,1,112,2],[113,1,113,2],[114,1,114,2],[115,0,119,0],[115,1,119,1],[115,5,119,5],[115,6,119,6],[120,1,120,2],[121,0,122,0],[121,1,122,1],[121,5,122,5],[121,6,122,6],[123,1,123,2],[124,1,124,2],[126,0,126,2],[128,1,128,2],[129,1,129,2],[130,1,130,2],[131,1,131,2],[132,1,132,2],[134,0,134,2],[136,0,136,17]]}
["Приложение 1 к Документации Процедуры закупки № з-13-50104/77"]
[]
["Форма \"Предложение о цене Договора\""]
[]
["Приложение № ___ к Заявке"]
["Предложение о цене Договора с графиком финансирования"]
[]
["№ п/п","Наименование работ",null,"Ед. изм.","Объем","Начальная (максимальная) цена Заказчика",null,"Предложение Участника Процедуры закупки",null,"Стоимость работ с НДС, тыс. руб.",{"$nulls":8},"\n"]
[{"$nulls":5},"Цена за ед., с НДС, тыс. руб.","Стоимость с НДС, тыс. руб.","Цена за ед., с НДС, тыс. руб.","Стоимость с НДС, тыс. руб.","2013 г.",{"$nulls":5},"2014 г."]
[{"$nulls":9},"июль","август","сентябрь","октябрь","ноябрь","декабрь","январь","февраль","март"]
[1,2,null,3,4,5,6,7,8,9,10,11,12,13,14,15,16,17]
[]
[1,"Станция очистки, в том числе:"]
[null,null,"земляные работы","м3",{"v":25700,"d":"25700.00"},0.15,{"v":3855,"d":"3,855.00"}]
[null,null,"шпунтовое ограждение (буронабивные сваи, ростверки, забирочная стена)","м3",270.96,34.52,{"v":9353.54,"d":"9,353.54"}]
[null,null,"фундаменты (бетон В25)","м3",{"v":3540,"d":"3540.00"},{"v":15.4,"d":"15.40"},{"v":54516,"d":"54,516.00"}]
[null,null,"фундаменты под оборудование  (бетон В25)","м3",16.45,11.28,185.56]
[null,null,"перекрытие (бетон В25)","м3",{"v":545,"d":"545.00"},18.83,{"v":10262.35,"d":"10,262.35"}]
[null,null,"колонны (бетон В25)","м3",{"v":98.2,"d":"98.20"},23.17,{"v":2275.29,"d":"2,275.29"}]
[null,null,"металические конструкции, каркасы","т",{"v":385.5,"d":"385.50"},91.26,{"v":35180.73,"d":"35,180.73"}]
[null,null,"отделочные работы, в том числе:",{"$nulls":3},{"v":25952.1,"d":"25952.10"}]
[null,null,"перегородки из гипсокартона и сендвич-панелей","м2",{"v":2179,"d":"2179.00"}]
[null,null,"устройство потолков","м2",{"v":741.6,"d":"741.60"}]
[null,null,"полы"," м2",2642.78]
[null,null,"отделка стен и потолков","м2",3739.14]
[null,null,"фасад (керамогранит, витражи)","м2",{"v":1800,"d":"1800.00"},10.74,{"v":19332,"d":"19,332.00"}]
[null,null,"окна","м2",1587.52,14.06,{"v":22320.53,"d":"22,320.53"}]
[null,null,"двери","м2",106.47,24.34,{"v":2591.48,"d":"2,591.48"}]
[null,null,"кровля","м2",{"v":1800,"d":"1800.00"},2.24,{"v":4032,"d":"4,032.00"}]
[null,"Итого СМР станции очистки:",{"$nulls":4},{"v":189856.58,"d":"189,856.58"}]
["\n","Станция очистки. Оборудование (в том числе монтаж и пусконаладочные работы)",{"$nulls":4},{"v":563000,"d":"563,000.00"}]
[null,"Итого станция очистки:",{"$nulls":4},{"v":752856.58,"d":"752,856.58"}]
[]
["2","Аварийный резервуар уплотненного избыточного ила, \nв том числе:",null,"\n"]
["2.1.","Общестроительные работы, в том числе:"]
[null,null,"разработка грунта с перевозкой","м3",{"$f":"744+57","v":{"v":801,"d":"801.00"}},null,4934.16]
[null,null,"железобетон.  М350","м3",{"$f":"18+23+100+59+1.2+60+5.9","v":{"v":267.09999999999997,"d":"267.10"}}]
["2.2.","Отопление и вентиляция",null,"объект",{"v":1,"d":"1.00"},130.15,130.15]
["2.3.","Автоматизация",null,"объект",{"v":1,"d":"1.00"},136.85,136.85]
[null,"Итого СМР :",{"$nulls":4},{"v":5201.16,"d":"5,201.16"}]
[null,"Технологическое оборудование",{"$nulls":4},{"v":1683.72,"d":"1,683.72"}]
[null,"Итого аварийный резервуар уплотненного избыточного ила:",{"$nulls":4},{"v":6884.88,"d":"6,884.88"}]
[]
["3","КНС"]
["3.1.","Общестроительные работы, в том числе:"]
[null,null,"разработка грунта с перевозкой, обратная засыпка  песком","м3",{"$f":"375+344.9+23","v":{"v":742.9,"d":"742.90"}},null,349.16]
[null,null,"железобетонная плита М250","м3",{"$f":"2.4","v":{"v":2.4,"d":"2.40"}},14.48,34.75]
[null,"Итого СМР КНС",{"$nulls":4},383.91]
[null,"Технологическое оборудование",{"$nulls":4},{"v":2006.97,"d":"2,006.97"}]
[null,"Итого КНС:",{"$nulls":4},{"v":2390.88,"d":"2,390.88"}]
[]
["4","Комплектная трансформаторная подстанция"]
["4.1.","Общестроительные работы",null,"объект",1,149.93,149.93]
[null,"Итого комплектная трансформаторная подстанция:",{"$nulls":4},149.93]
[]
["5","КПП, в том числе:"]
["5.1.","Общестроительные работы",null,"объект",1,702.42,702.42]
["5.2.","Водоснабжение",null,"объект",1,39.69,39.69]
["5.3.","Водоотведение",null,"объект",1,16.87,16.87]
["5.4.","Вентиляция",null,"объект",1,54.79,54.79]
["5.5.","Электромонтажные работы",null,"объект",1,195.28,195.28]
["5.6.","ОПС",null,"объект",1,78.43,78.43]
["5.7.","Мебель",null,"объект",1,20.79,20.79]
[null,"Итого КПП:",{"$nulls":4},{"v":1108.27,"d":"1,108.27"}]
[]
["6","Ограждение территории"]
[null,"Общестроительные работы",null,"м",{"v":520,"d":"520.00"},2.33,{"v":1211.6,"d":"1,211.60"}]
[null,"Итого ограждение территории:",{"$nulls":4},{"v":1211.6,"d":"1,211.60"}]
[]
["7","Внутриплощадочные сети электросабжения, в том числе:",null,"\n"]
["7.1.","Наружное освещение, в том числе:",{"$nulls":4},{"v":8407.5,"d":"8,407.50"}]
[null,null,"кабель 0,4 кВ","м","750"]
[null,null,"опора наружного освещения","шт","29"]
[null,null,"светильник наружного освещения","шт","29"]
["7.2.","Сети электроснабжения, в том числе:"]
[null,null,"кабель АПвБП-10 кВ 3х150","м","200"]
[null,null,"КТП 2х1000 кВА","к-т","1"]
[null,"Итого внутриплощадочные сети электросабжения:",{"$nulls":4},{"v":8407.5,"d":"8,407.50"}]
[]
["8","Внутриплощадочные сети связи, в том числе:"]
[null,null,"кабель ВВГнгLS ","м","1979",null,{"v":1424.88,"d":"1,424.88"}]
[null,null,"видеокамера","шт","13"]
[null,null,"программное обеспечение","к-т","1"]
[null,"Итого внутриплощадочные сети связи:",{"$nulls":4},{"v":1424.88,"d":"1,424.88"}]
[]
[9,"Наружные сети канализации и водотведения, в том числе:",null,"\n"]
["9.1.","К1",null,"м",{"$f":"35+77+178","v":290},null,{"v":7992.32,"d":"7,992.32"}]
["9.2.","К1Н",null,"м",{"$f":"7+273+96","v":376}]
["9.3.","К5.3.1.Н",null,"м",{"$f":"54","v":54}]
["9.4.","К5.3.2.Н",null,"м",52]
["9.5.","К5.4.Н",null,"м",83]
["9.6.","К1.5.Н",null,"м",{"$f":"159+100","v":259}]
["9.7.","К13",null,"м",{"$f":"7+57","v":64}]
["9.8.","К14Н",null,"м",113]
["9.9.","К3",null,"м",5]
["9.10.","В3",null,"м",60]
["9.11.","В3.3Н",null,"м",54]
["9.12.","Р5.1Н",null,"м",151]
[null,"Итого наружные сети канализации и водотведения:",{"$nulls":4},{"v":7992.32,"d":"7,992.32"}]
[]
[10,"Сети водоснабжения"]
[null,"Сети водоснабжения",null,"м",414,5.01,{"v":2074.14,"d":"2,074.14"}]
[null,"Итого сети водоснабжения:",{"$nulls":4},{"v":2074.14,"d":"2,074.14"}]
[]
[11,"Внутриплощадочные сети дождевой канализации"]
[null,"К2",null,"м",351,4.41,{"v":1547.91,"d":"1,547.91"}]
[null,"Итого внутриплощадочные сети дождевой канализации:",{"$nulls":4},{"v":1547.91,"d":"1,547.91"}]
[]
[12,"Тепловые сети"]
[null,"К2",null,"м",310,19.11,{"v":5924.1,"d":"5,924.10"}]
[null,"Итого тепловые сети:",{"$nulls":4},{"v":5924.1,"d":"5,924.10"}]
[]
[13,"Благоустройство, в том числе:"]
["13.1.","Вертикальная планировка",null,"объект",1,{"v":4913.2,"d":"4913.20"},{"v":4913.2,"d":"4,913.20"}]
["13.2.","Устройство покрытий и тротуаров, в том числе:"]
[null,null,"песок, щебень - 20см, а/бетон - 11см","м2",3775,null,{"v":13217.2,"d":"13,217.20"}]
[null,null,"щебень - 10см, а/бетон - 5см. uидроизоляция, плитка","м2",541]
[null,null,"песок, песчано-гравийная смесь, плитка","м2",2414]
[null,null,"песок, щебень -8см, а/бетон - 4см, песок, покрытие эпоксидно-каучуковое","м2",190]
[null,null,"георешетка","м2",771]
["13.3.","Озеленение, в том числе:"]
[null,null,"посадка деревьев","шт",288,null,{"v":3655,"d":"3,655.00"}]
[null,null,"газоны","м2",{"$f":"6539+771","v":7310}]
["13.4.","Малые архитектурные формы",null,"объект",1,760.52,760.52]
[null,"Итого благоустройство:",{"$nulls":4},{"v":22545.92,"d":"22,545.92"}]
[]
["ВСЕГО ПО СМР И ОБОРУДОВАНИЮ:",{"$nulls":5},{"v":814518.91,"d":"814,518.91"}]
[]
[14,"Прочие  работы и затраты"]
[null,"Временные здания и сооружения",{"$nulls":4},{"v":8280.98,"d":"8,280.98"}]
[null,"Зимнее удорожание",{"$nulls":4},{"v":5881.24,"d":"5,881.24"}]
[null,"Страхование объекта",{"$nulls":4},{"v":2262.02,"d":"2,262.02"}]
[null,"Итого по прочим затратам:",{"$nulls":4},{"v":16424.24,"d":"16,424.24"}]
[]
["ВСЕГО СТОИМОСТЬ:",{"$nulls":5},{"v":830943.15,"d":"830,943.150"}]
[]
["Примечания: \n - Расценки начальной (максимальной) цены даны справочно. \n - Расценки Участника Процедуры закупки не должны превышать соответствующие расценки начальной (максимальной) цены.\n - Для оценки критерия \"Обоснование (качество) расчёта стоимости с графиком финансирования\" Участник Процедуры закупки должен приложить сметные расчеты стоимости по каждому пункту данной таблицы."]
[]
[null,null,"______________(должность)",{"$nulls":10},"Главный Бухгалтер:"]
[{"$nulls":13},"________________________"]
[null,null,"________________________"]
[{"$nulls":13},"«___» ______________ 20__ г."]
[null,null,"«___» ______________ 20__ г.",{"$nulls":10},"М.П."]
[null,null,"М.П."]

{"sheet":"Лист1","index":1,"n_rows":0,"n_cols":0,"rows_kept":0}